[Event "TUR Cup"]
[Site "Denizli"]
[Date "2024.08.02"]
[Round "6"]
[White "Cakir, Mert"]
[Black "Ilgaz, Yusuf Kerem"]
[Result "1-0"]
[WhiteElo "1990"]
[BlackElo "2006"]
[PlyCount "47"]
[EventDate "2024.07.30"]
[EventType "swiss"]
[EventRounds "11"]
[EventCountry "TUR"]
[SourceTitle "EXT 2025"]
[Source "ChessBase"]
[SourceDate "2024.10.14"]
[SourceVersion "1"]
[SourceVersionDate "2024.10.14"]
[SourceQuality "1"]

1. e4 e5 2. Nf3 Nc6 3. Bc4 Nf6 4. d3 Be7 5. Nbd2 0-0 6. 0-0 d5 7. exd5 Nxd5 8. Re1 Bg4 9. h3 Bh5 10. Ne4 Nb6 11. Ng3 Bg6 12. Bb3 Kh8 13. Nxe5 Nxe5 14. Rxe5 Bd6 15. Re1 f5 16. f4 Qh4 17. Qf3 Be8 18. Be3 Bc6 19. Qf2 Rae8 20. Bd4 Qh6 21. Rxe8 Bxe8 22. Re1 Bd7 23. Qe2 Rd8 24. Nxf5 1-0